000 01195nam a2200337Ia 4500
005 20220317001516.0
008 161108s2015 ck 000 f s
020 _a9789588925356
100 1 _aAusten, Jane
_d1775-1817
245 1 0 _aSentido y sensibilidad
_cJane Austen ; introducción de Tony Tanner ; traducción de Ana María Rodríguez
250 _a1a. edición
300 _a413 páginas
_c19 cm
490 _aPenguin clásicos
500 _aIncluye cronología de la obra
534 _tSense & sensibility
650 1 4 _2LEMB
_aNovela inglesa
_ySiglo XVIII
650 1 4 _2LEMB
_aLiteratura inglesa
_ySiglo XVIII
650 1 4 _2LEMB
_aMujer en la literatura
650 1 4 _2LEMB
_aRelaciones de familia en la literatura
650 1 4 _2LEMB
_aMatrimonio en la literatura
650 1 4 _2LEMB
_aFelicidad en la literatura
700 1 _aRodríguez, Ana María
_etraductora
_974682
700 1 _aTanner, Tony
_e1935-1998
_974683
942 _2loc
_cBKLIT
264 _aBogotá
_bPenguin Random House
_c2015
336 _atexto
_btxt
_2rdacontent
337 _asin mediación
_bn
_2rdamedia
338 _avolumen
_bnc
_2rdacarrier
040 _aCO-BoRNBP
_bspa
_erda
_cCO-BoRNBP
084 _aN AUS1
999 _c7198
_d7198